La comunicación y la cultura nacionales en los tiempos del libre comercio /

Libro en el que Esteinou reflexiona sobre el papel que están desempeñando los medios masivos de comunicación en el proceso de creciente globalización y neoliberalismo en que se encuentra inmerso el país. Sostiene la urgencia de implantar una política de liberalismo social en materia de cultura, en l...

Descripción completa

Guardado en:
Detalles Bibliográficos
Autor principal: Esteinou Madrid, Javier (autor)
Formato: Libro
Idioma:Español
Publicado: México : Fundación Manuel Buendía, 1993, c1993
Colección:(Pistas)
Temas:
Etiquetas: Agrega una etiqueta
Sin etiquetas, Sé el primero en etiquetar este registro!

MARC

LEADER 00000nam^a2200000^a^4500
001 000039152
005 20250521000000.0
009 20260310085530.408
020 |a 968-6348-10-7 
037 |a Acervo ITESO - Biblioteca 
041 |a ESP 
082 |a 302. 23011  |b EST 
100 |a Esteinou Madrid, Javier  |e (autor) 
245 1 3 |a La comunicación y la cultura nacionales en los tiempos del libre comercio /  |c J. Esteinou Madrid. 
264 4 |a México :  |b Fundación Manuel Buendía,  |c 1993, c1993 
300 |a 287 p. 
336 |a texto  |b txt  |2 rdacontenido 
337 |a sin mediación  |b n  |2 rdamedio 
338 |a volumen  |b nc  |2 rdasoporte 
440 1 |a (Pistas) 
520 |a Libro en el que Esteinou reflexiona sobre el papel que están desempeñando los medios masivos de comunicación en el proceso de creciente globalización y neoliberalismo en que se encuentra inmerso el país. Sostiene la urgencia de implantar una política de liberalismo social en materia de cultura, en la cual los medios jueguen un papel central. 
649 |a XX 
650 |a Comunicación Masiva -  |z México -  |x Tema Principal 
650 |a Cultura -  |z México -  |x Historia -  |y Siglo XX 
650 |a Política Cultural -  |z México 
650 |a Política Económica -  |z México 
650 |a Neoliberalismo 
650 |a Globalización 
650 |a Tratado de Libre Comercio -  |z México-EUA 
650 |a Comunicación y Política -  |z México 
650 |a Política -  |z México -  |x Historia -  |y 1990-1999 
910 |a Fondo General 
920 |a Impresos - Libros 
930 |a Colección General 
905 |a 101 
901 |a 0500139953  |b IT1  |c ACC  |u 20250521 
902 |a https://opac.biblio.iteso.mx/vufind/Record/000039152